| 000 | 01455nam a2200301 a 4500 | ||
|---|---|---|---|
| 001 | 000040625 | ||
| 003 | DO-SdBNP | ||
| 005 | 20251202114223.0 | ||
| 008 | 110902s2011 dr 000 0 spa d | ||
| 020 | _a9788499941646 | ||
| 040 |
_aDO-SdBNP _bspa _cBNPHU |
||
| 082 |
_a970.016 _bF363h, |
||
| 100 | 1 |
_aFernández de Oviedo y Valdés , Gonzalo _c1478-1557 _932221 |
|
| 240 | 1 | 0 | _aHistoria general y natural de las Indias |
| 245 | 1 | 0 |
_aHistoria general y natural de las índias : _bislas y tierra-firme del mar océano / _cGonzalo Fernández de Oviedo y Valdés ; publícala la Real Academia de la Historia, cotejada con el códice original, enriquecida con las enmiendas y adiciones del autor, é ilustrada con la vida y el juicio de las obras del mismo por D. José Amador de los Rios. |
| 260 |
_aMadrid : _bOrbigo, _c2011. |
||
| 300 |
_av. ; (632 p.) ; _c32 cm. |
||
| 500 | _aIncluye referencias bibliográficas y notas al pie de las páginas | ||
| 500 | _aIncluye biografía del autor págs. IX-CVII, v.1 | ||
| 650 | 0 |
_aIndios de América Central _94634 |
|
| 650 | 0 |
_aIndios de las Antillas _91049 |
|
| 650 | 4 |
_aHistoria natural _zAntillas _954542 |
|
| 650 | 4 |
_aHistoria natural _zAmérica Central _954543 |
|
| 650 | 4 |
_aEspaña _xColonias _zAmérica _959114 |
|
| 651 | 4 |
_aAmérica -- _xDescubrimiento y exploración -- _xEspañoles _vEnsayo, conferencias, etc. _9544 |
|
| 700 | 1 | 2 |
_aAmador de los Ríos, José _d1478-1557 _959115 |
| 942 |
_2ddc _cLBS1 |
||
| 999 |
_c40115 _d40115 |
||